L'anarchie dans l'art / (Record no. 152728)

MARC details
000 -LEADER
campo de control de longitud fija 00865nam a2200217 i 4500
001 - NÚMERO DE CONTROL
campo de control 152728
003 - IDENTIFICADOR DE NÚMERO DE CONTROL
campo de control ES-MaACL
005 - FECHA Y HORA DE LA ÚLTIMA TRANSACCIÓN
campo de control 20230906204844.0
008 - DATOS DE LONGITUD FIJA--INFORMACIÓN GENERAL
campo de control de longitud fija 051018s1898 fr |||| | fre d
080 ## - NÚMERO DE LA CLASIFICACIÓN DECIMAL UNIVERSAL
Número de la Clasificación Decimal Universal 7.01
100 1# - ENTRADA PRINCIPAL--NOMBRE DE PERSONA
Nombre de persona Bridgman, Frederick Arthur.
9 (RLIN) 126169
245 12 - MENCIÓN DEL TÍTULO
Título L'anarchie dans l'art /
Mención de responsabilidad, etc. F.-A. Bridgman ; traduit de l'anglais.
260 ## - PUBLICACIÓN, DISTRIBUCIÓN, ETC.
Lugar de publicación, distribución, etc. Paris :
Nombre del editor, distribuidor, etc. Société Française d'Editions d'Art,
Fecha de publicación, distribución, etc. [1898] (
Fabricante Lib.-imp. réunies, Montteroz)
300 ## - DESCRIPCIÓN FÍSICA
Extensión 248 p. ;
Dimensiones 19 cm.
530 ## - NOTA DISPONIBLE DE FORMULARIO FÍSICO ADICIONAL
Nota de formato físico adicional disponible Disponible en formato digital.
596 ## - NOTA AL PIE DE IMPRENTA
NOTA AL PIE DE IMPRENTA Según BN Opale-plus imp. en 1898.
650 #4 - PUNTO DE ACCESO ADICIONAL DE MATERIA--TÉRMINO DE MATERIA
Término de materia o nombre geográfico como elemento de entrada Arte y política-
Subdivisión cronológica S.XIX.
9 (RLIN) 157266
650 #4 - PUNTO DE ACCESO ADICIONAL DE MATERIA--TÉRMINO DE MATERIA
Término de materia o nombre geográfico como elemento de entrada Arte-
Subdivisión general Filosofía-
Subdivisión cronológica S.XIX.
9 (RLIN) 173287
852 ## - LOCALIZACIÓN
Ubicación ES-MaACL
Número de control de estantería T-886-F-1
Nota libre - Enc. hol., conservando cub. cromolit.
-- - Enc. en un vol. facticio
856 4# - LOCALIZACIÓN Y ACCESO ELECTRÓNICOS
Identificador Uniforme de Recursos <a href="https://archive.org/details/gri_33125011205628 ">https://archive.org/details/gri_33125011205628 </a>
Nota pública Internet Archive
Holdings
Estatus retirado Estado de pérdida Estado de daño No para préstamo Colección Biblioteca de origen Biblioteca actual Ubicación en estantería Fecha de adquisición Fuente de adquisición Total de préstamos Signatura topográfica completa Código de barras Visto por última vez Precio de reemplazo Tipo de ítem Koha
        Colección de folletos Biblioteca del Ateneo de Madrid Biblioteca del Ateneo de Madrid Depósito folletos 17/01/2008     T-886-F-1 1159499 23/02/2023 23/02/2023 Folleto